Albums by Cover Art - Southern Hip-Hop - Statistics

General Stats
  • This quiz has been taken 205 times
  • The average score is 11 of 20
Answer Stats
Picture Answer % Correct
Lil Wayne - Tha Carter IV
94%
Travis Scott - Rodeo
94%
XXXTENTACION - ?
85%
Outkast - Speakerboxxx / The Love Below
76%
Future - DS2
67%
J. Cole - Cole World: The Sideline Story
65%
21 Savage / Offset / Metro Boomin' - Without Warning
64%
Playboi Carti - Die Lit
64%
Denzel Curry - TA13OO
55%
Lil Baby / Gunna - Drip Harder
55%
Young Thug - So Much Fun
53%
J.I.D. - The Forever Story
52%
Migos - Culture
50%
Pusha T - DAYTONA
43%
T.I. - Paper Trails
35%
YoungBoy Never Broke Again - Until Death Call My Name
35%
Gucci Mane - Mr. Davis
28%
Waka Flocka Flame - Flockaveli
28%
Three-6 Mafia - Most Known Unknown
20%
Jeezy - Let's Get It: Thug Motivation 101
13%
No matching quizzes found
Score Distribution
Percent of People with Each Score
Percentile by Number Answered
Your Score History
You have not taken this quiz